Tanzania Tax Law Reports 2002 Volume 1 (Record no. 6687)

MARC details
005 - DATE AND TIME OF LATEST TRANSACTION
control field 20250714162145.0
020 ## - INTERNATIONAL STANDARD BOOK NUMBER
International Standard Book Number 978-9987-08-037-3
082 ## - DEWEY DECIMAL CLASSIFICATION NUMBER
Classification number 343.41 TAN
245 ## - TITLE STATEMENT
Title Tanzania Tax Law Reports 2002 Volume 1
260 ## - PUBLICATION, DISTRIBUTION, ETC.
Place of publication, distribution, etc. Dar es salaam,
Name of publisher, distributor, etc. Mkuki na Nyota Publishers Limited,
Date of publication, distribution, etc. 2002.
300 ## - PHYSICAL DESCRIPTION
Extent ix, 195p.:
Other physical details References.
Dimensions 26cm.
700 ## - ADDED ENTRY--PERSONAL NAME
Other authors/Editors KIBUTA, O, LUOGA, F. D, BELEKO, J. & MWAIKUSA, J. T.
856 ## - ELECTRONIC LOCATION AND ACCESS
Link text Access online book
Electronic name Tanzania Tax Law Reports
Path www.mkukinanyota.com
942 ## - ADDED ENTRY ELEMENTS (KOHA)
Source of classification or shelving scheme Dewey Decimal Classification
Koha item type Books
Holdings
Date last seen Total checkouts Full call number Barcode Cost, replacement price Price effective from Koha item type Lost status Source of classification or shelving scheme Damaged status Not for loan Withdrawn status Home library Current library Shelving location Date acquired Cost, normal purchase price
07/14/2025   343.41 TAN 00000013771 174999.00 07/14/2025 Books   Dewey Decimal Classification       College of Business Education Main Library College of Business Education Main Library General Collection 07/14/2025 58333.00